| 000 | 00840nam a2200265 i 4500 | ||
|---|---|---|---|
| 001 | bg | ||
| 003 | BPK | ||
| 005 | 20191011121641.0 | ||
| 008 | 991202s1999 pl f f |000 0 pol | ||
| 040 | _cBPK | ||
| 041 | 9 | _apl | |
| 080 | _a330.101.542 | ||
| 080 | _a(075.8) | ||
| 245 | 0 | 0 |
_aMikroekonomia : _bpraca zbiorowa / _cpod red. Danuty Kopycińskiej ; [aut. T. Bernat et al.]. |
| 250 | _aWyd.3 uzup. i popr. | ||
| 260 |
_aSzczecin : _b[s. n.], _c1999. |
||
| 300 |
_a328 s. : _bwykr. ; _c24 cm. |
||
| 504 | _aBibliogr. s. 327-328. | ||
| 655 | 4 | _aPodręczniki akademickie | |
| 650 | 4 | _aMikroekonomia | |
| 700 | 1 |
_aKopycińska, Danuta _eRedakcja |
|
| 700 | 1 |
_aBernat, Tomasz _eAutor |
|
| 856 |
_uhttp://koha.tu.koszalin.pl/cgi-bin/koha/opac-detail.pl?biblionumber=35919 _yKatalog online BPK |
||
| 942 |
_cKS _2UKD |
||
| 999 |
_c35919 _d35919 |
||